Actuaciones en primeros auxilios (AFDP003PO).

Salvato in:
Dettagli Bibliografici
Ente Autore: Hispamérica (autor)
Natura: Sconosciuto
Pubblicazione: Madrid, España: Hispamérica Books, S.L, 2022.
Serie:Hispamérica Learning.
Soggetti:
Tags: Aggiungi Tag
Nessun Tag, puoi essere il primo ad aggiungerne!!

MARC

LEADER 00000 a2200000 4500
003 CL-VaPUC
005 20230111154106.0
008 221216t2022 ||||| |||| 00| 0 eng d
999 |c 439305  |d 439303 
020 |a 978-84-17958-58-9 
040 |c Pontificia Universidad Católica de Valparaíso 
082 7 |a 616.0252 HIS 2022  |2 22 
110 1 |a Hispamérica   |e autor  |9 879542 
245 |a Actuaciones en primeros auxilios (AFDP003PO). 
260 |a Madrid, España:  |b Hispamérica Books, S.L,  |c 2022. 
300 |a 145 páginas. 
490 |a Hispamérica Learning.  
583 |k GC  |c 20221216 
650 |a Primeros auxilios  |x Soporte vital básico  |9 879543 
650 |a Primeros auxilios  |x Atención inicial   |9 879544 
942 |2 ddc  |c BK 
952 |0 0  |1 0  |2 ddc  |4 0  |6 616_025200000000000_HIS_2022  |7 0  |8 A  |9 588256  |a BIBEDU  |b BIBEDU  |c GEN  |d 2022-12-15  |e 74  |g 27805.00  |i 5656049  |o 616.0252 HIS 2022  |p 5656049  |r 2022-12-15  |t 3  |v 27805.00  |w 2022-12-15  |y BK  |k EFI 
952 |0 0  |1 0  |2 ddc  |4 0  |6 616_025200000000000_HIS_2022  |7 0  |8 A  |9 588257  |a BIBEDU  |b BIBEDU  |c GEN  |d 2022-12-15  |e 74  |g 27805.00  |i 5656047  |o 616.0252 HIS 2022  |p 5656047  |r 2022-12-15  |t 1  |v 27805.00  |w 2022-12-15  |y BK  |k EFI 
952 |0 0  |1 0  |2 ddc  |4 0  |6 616_025200000000000_HIS_2022  |7 0  |8 A  |9 588258  |a BIBEDU  |b BIBEDU  |c GEN  |d 2022-12-15  |e 74  |g 27805.00  |i 5656048  |o 616.0252 HIS 2022  |p 5656048  |r 2022-12-15  |t 2  |v 27805.00  |w 2022-12-15  |y BK  |k EFI 
952 |0 0  |1 0  |2 ddc  |4 0  |6 616_025200000000000_HIS_2022  |7 0  |8 A  |9 588720  |a BIBEDU  |b BIBEDU  |c GEN  |d 2023-01-25  |e 1  |g 22608.00  |i 5656500  |o 616.0252 HIS 2022  |p 5656500  |r 2023-01-25  |t 4  |v 22608.00  |w 2023-01-25  |y BK  |k EFI 
952 |0 0  |1 0  |2 ddc  |4 0  |6 616_025200000000000_HIS_2022  |7 0  |8 A  |9 588721  |a BIBEDU  |b BIBEDU  |c GEN  |d 2023-01-25  |e 1  |g 22608.00  |i 5656501  |l 1  |o 616.0252 HIS 2022  |p 5656501  |r 2024-04-17  |s 2024-04-17  |t 5  |v 22608.00  |w 2023-01-25  |y BK  |k EFI